Prácticas de física general

Saved in:
Bibliografiske detaljer
Hovedforfatter: Torrecilla, Maribel (Author)
Format: Bog
Sprog:spansk
Udgivet: Zaragoza Prensas Universitarias de Zaragoza 1994
Serier:Colección Textos Docentes, 37
Fag:
Tags: Tilføj Tag
Ingen Tags, Vær først til at tagge denne postø!

MARC

LEADER 00000nam a2200000 a 4500
001 UCQ9380
003 CL-VaPUC
008 981230e19940000SP |||||||||||||||||spa|d
082 0 4 |a 530  |b TOR  |2 21 
100 0 |a Torrecilla, Maribel  |e author  |9 423888 
245 1 0 |a Prácticas de física general 
300 |a 108 p 
942 |c BK 
945 |d 19981230 00:00:00  |a aarredon 
260 |a Zaragoza  |b Prensas Universitarias de Zaragoza  |c 1994 
650 0 |a Física   |9 227844 
650 7 |a INERCIA  |2 CL-VaPUC  |9 344732 
650 7 |a CONDENSADORES  |2 CL-VaPUC  |9 401730 
650 0 |a Espectroscopía  |9 306791 
650 0 |a Torsión   |9 266757 
650 7 |a CALORIMETRO  |2 CL-VaPUC  |9 423889 
650 0 |a Ondas  |9 260165 
583 |a last modification  |c 19981230 00:00:00  |k Rodrigo Vera 
490 0 |a Colección Textos Docentes, 37 
999 |c 278396  |d 278394